Calculo II
I tiakina i:
| Kaituhi matua: | |
|---|---|
| Hōputu: | Pukapuka |
| Reo: | Pāniora |
| I whakaputaina: |
Ciudad de México
Fondo Educativo Interamericano
1976
|
| Putanga: | 1a. ed |
| Ngā marau: | |
| Ngā Tūtohu: |
Tāpirihia he Tūtohu
Kāore He Tūtohu, Me noho koe te mea tuatahi ki te tūtohu i tēnei pūkete!
|
MARC
| LEADER | 00000cam a2200000 a 4500 | ||
|---|---|---|---|
| 001 | UCD6492 | ||
| 003 | CL-VaPUC | ||
| 008 | 161209e19760000mx |||||||||||||||||spa|d | ||
| 020 | |a 9686630120 | ||
| 082 | 0 | 4 | |a 515 |b LAN |2 21 |
| 100 | |a Lang, Serge |9 719911 | ||
| 245 | 1 | 0 | |a Calculo II |
| 250 | |a 1a. ed | ||
| 300 | |a 367 p | ||
| 942 | |c BK | ||
| 945 | |d 20161209 23:21:00 |a arojas | ||
| 260 | |a Ciudad de México |b Fondo Educativo Interamericano |c 1976 | ||
| 650 | 0 | |a Cálculo |9 260234 | |
| 650 | 0 | |a Derivadas |9 354237 | |
| 650 | 0 | |a Ecuaciones integrales |9 270067 | |
| 650 | 0 | |a Análisis real |9 425462 | |
| 583 | |a last modification |c 20161209 23:21:00 |k Rodrigo Vera | ||
| 999 | |c 366807 |d 366805 | ||
| 952 | |0 0 |1 0 |3 erb |4 0 |6 515_000000000000000_LAN_1976 |7 0 |8 A |9 481351 |a BIBMAT |b BIBMAT |i 5324238 |l 1 |o 515 LAN 1976 |p 5324238 |r 2025-01-07 |s 2022-03-15 |w 2019-11-24 |y BK |z Catalogado en:20161209 |k MAT | ||